[Event "BCC Championship"]
[Site "BCC"]
[Date "2016.05.12"]
[Round "6"]
[White "Bas van Riel"]
[Black "Rodney Jacobs"]
[Result "1/2-1/2"]
[WhiteElo "1884"]
[BlackElo "1659"]

{584MB, Fritz11.ctg} 1.e4 {Rodney had scored 5/5, so it was important for me
to win the game in order to keep my chances alive. With this in mind I
prepared by studying a few op Rodney's recent games, especially his opening
choices with the black pieces. Although I not seriously believed that he would
essay again the Schliemann variation (3...f5) of his game against Rob Bailey
in round 3 of the current tournament, I did spent some time checking my
antiquated opening books (Pachman, 1965 (!), mainly because I liked the
complications, and because I found some improvements on Rob's play. Needless
to say that I was thrilled to see the Schliemann again. But how good was my
preparation, considering that my information was 50 years old..? (BvR)} e5
2.Nf3 Nc6 3.Bb5 f5 {The Schliemann. Avoiding the classical Ruy Lopez, which
Bas knows well. (RJ)} 4.Nc3 {Given by ECO and Chessbase as best. Bas has
prepared too! (RJ) Rob Bailey played 4.d3 here.Pachman suggested Nc3 as being
more active.(BvR)} fxe4 {Book} 5.Nxe4 {Book} Nf6 {Book, and the Preferred move
on Chessbase. I wanted to mix it up, playing d5, but could not remember the
line and, weakly, was not game to play it. I was afraid of the embarrassment
of being crushed by move 10! Chessbase gives d5 an equal success rate, with
the main line being  5........d5  6. Nxe5  de  7. Nxc6  Qd5  8. c4  Qd6  9.
Nxa7ch  Bd7  10. Bxd7ch  Qxd7  11. Qh5ch  g6  12.  Qe5ch  Kf7  13. Nb5. Wild!
(RJ). It took Rodney about 8 minutes to play Nf6. All the time I was hoping
for 5..d5, as I believed that the resulting complications were favourable for
white, e.g.a) 13.Qxh8, Nf6; 14.Nb5, Rd8; and 16.Qxd8 or b) I could play it
safe after 13.Nb5 being 2 pawns up. Instead of 7....Qd5 a weaker, alternative
book-move is 7..Qg5, followed by 8.Qe2, Nf6; 9. f4!, which I also had seen in
Pachman. During the post-mortem Rodney mentioned that he had thought about
playing the 7...Qg5- line (BvR)

After the game Bas & I looked at 8....Nxa7 in this line and felt that it was
winning. But Deep Shredder calls it even after the response 9 Kd8 (RJ)} 6.d3
{Book. Chessbase gives Nxf6 or Qe2 as alternatives (RJ). After 5..Nf6 I was
actually out of book and on my own. A lot of fuss for very little, except that
I felt very comfortable about my position, considering black's weaknesses on
the white squares. (BvR)} d6 {Book} 7.O-O {Chessbase indicates only c3 has
been played here. Deep Shredder likes Nxf6. (RJ)} Be7 8.c3 {here c3 comes
afterall.. (BvR)} O-O?! {I believe that this move has caused black's
subsequent headaches, although Fritz doesn't appear fussed. (BvR)} 9.Qb3+ Kh8
{At this point Deep Shredder calls it even. (RJ)} 10.Neg5! {Best, according to
Deep Shredder. (RJ)} Qe8 11.Ne6 {Also best (RJ)} Bxe6 12.Qxe6 {Fritz gives
+0.3. White has the bishop pair and is vastly dominant on the white squares.
Black's bishop looks useless atm.(BvR)} Nh5? {Overly anxious to chase the
queen away. But the position was even. Deep Shredder gives a6, asking the
Bishop what it wants to do. (RJ). After 12..a6, 13.Ba4 (the strong bishop has
to stay on the board), black has to find the difficult move 14.Nd8..in order
to survive. (BvR).} 13.d4! Rf6? {Bf6 is better. (RJ)} 14.Qh3 exd4 15.Nxd4 {jb
+- 1.89 Bas is winning.} Nf4 16.Bxf4 Rxf4 17.Rae1! {This looked awkward to me,
with the King's rook stuck in at f1. But Bas continues to find the best moves!
Deep Shredder likes it. (RJ)} Qf7 {That's why 17.Rae1 instead of Rfe1,
protecting the f2 pawn and supporting the f4-move in the future (BvR)} 18.Bxc6
bxc6 19.Nxc6? {Deep Shredder likes this, but, equally, g3, presumably to keep
the Black rook out of h4 (RJ). Yes indeed, 19.g3, Rf6; 20.Qd7, Bf8; 21.Qxc6,
Rb1; 22.b3 would have been much stronger/winning for white (BvR)} Bf6 20.Qe3
Rh4 21.Qe6! Qh5 {Deep Shredder prefers Qxe6, giving White then 1.36} 22.h3 h6
23.Qd7 {Deep Shredder prefers Nb4, getting the knight back into play (RJ). I
was 'obsessed' by winning black's c7 pawn. From here on, I suddenly seemed to
have lost the plot, making a number of bad mistakes (BvR).} Qg5? {A mistake.
best the immediate Rc4. (RJ)} 24.Kh2? {Overly cautious. Re6 (!) is crushing.
Black's best response is Rg8, as Rxh3? is met with Rxf6! (Deep Shredder)} Qc5?
{Setting a trap, intending to prevent White from taking the c7 pawn due to the
threatened response Rc4.I was quite happy with this, and it turned out fine.
But Deep Shredder analysis shows it is a mistake, allowing White to shut the
troublesome rook out of the queenside by f4!. (RJ) The immediate Rc4 is best.}
25.Qxc7?? {A bad mistake, turning a comfortably winning position position into
a losing one. (RJ) Again f4 and White has a decisive advantage (Deep Shredder)
- RJ I fell for it, hook, line and sinker...25.f4 obviously had to be played
to isolate black's rook first, before capturing the c7 pawn (BvR)} Rc4 {The
knight is now lost.} 26.Re6! {trying to hang in by complicating and a
perpetual check via f6 (BvR)} Qxc6 27.Qf7 {Not 27.Qxd6?, of course, loosing
the rook after 27...Qxd6; 28.Rxd6, Bf4+ (BvR)} Re4? {Desperate to stop White
winning control of the e file. But Black should be worried more about the
perpetual! Necessary is Rf4.} 28.Re1? {jb fritz11 Rf6 [000] Rybka [000]
The point being White has a perpetual after Rxf6. (RJ) I thought for about 12
minutes and I could not find a perpetual, as black's king can escape to the
queen-side. Unfortunately, I also did not find the fantastic
resource:28.Rxf6!, gxf6; 29.Qxf6, Kg8; 30.Rd1!! Despite black's extra rook, he
has to be careful not to loose, while white now has at least a perpetual
(BvR)} Rxe1?? {Be5ch and it's all over. I looked at this and saw the win of
the rook. But, wrongly, I thought I was now winning comfortably anyway and
decided to keep it simple. (RJ)} 29.Rxe1 Be5+? {But now it's wrong and wastes
time. Deep Shredder gives Qb5. (RJ)} 30.f4 Bf6 31.Re6! Rg8 {Trying to prevent
the perpetual (RJ) (BvR). Qxa7 is a loosing move, Qg6 with the perpetual check
again would be better. At this stage all is not lost for white, also given
Rodney's time- trouble.} 32.Qxa7? {The perpetual is still there by Rxf6.(RJ) 
No, the perpetual on f6 doesn't work now either. Qxa7 is a loosing move, Qg6
with the thread of perpetual check would be better again. At this stage, all
is not lost for white, also given Rodney's time- trouble.(BvR)} Qc4 33.Qe3
Qxa2? {Be5 -+[-2.25] black is winning (JB).

Jamie B, who was watching, pointed this out immediately after the game. (RJ)}
34.Qe2 {Be5! is still crushing. But I wasn't sharp enough to see it, and, with
one minute left on the clock, was happy to accept Bas' draw offer (RJ) A
absurd and swinging game. Rodney played very resourceful when he was clearly
worse, but he missed a few clear winners near the end.I was very relieved with
the draw (BvR)} {#d} 1/2-1/2

[Event "BCC Championship"]
[Site "BCC"]
[Date "2016.05.12"]
[Round "6"]
[White "James Watson"]
[Black "Patrick Cook"]
[Result "1-0"]
[WhiteElo "1802"]
[BlackElo "1669"]

1.e4 e6 2.d4 d5 3.Nd2 Nf6 4.e5 Nfd7 5.Ndf3 c5 6.c3 Nc6 7.Bd3 cxd4 8.cxd4 Bb4+
9.Bd2 Qb6 10.Ne2 Bxd2+ 11.Qxd2 Qb4 12.Nc3!? {An interesting pawn scrafice
(JW)} Nxd4 13.Nxd4 Qxd4 14.f4 {Incidentally Rybika indicates only a half pawn
advantage to black after 14.o-o Qxe5 which suggests pretty legitimate
compensation given white gives up two center pawns without inflicting any
weakness. The move played provides white with full compensation for the pawn}
a6 15.a4 Ke7 16.Ne2 Qb6 17.a5 Qa7 18.Qb4+ Qc5 19.Qd2 f6 20.Rc1 Qa7 21.Qb4+ Kf7
{Here i spent time considering several candidate moves including f5!? and Qd6
(JW)} 22.Rc7 f5 23.Qd6 Re8 24.Bxf5 {surprisingly whites position is so strong
according to the engine that the best plans are actually quiet moves like
24.Rf1 or 24.Bc2 intending Ba4. This sacrifice also maintains whites
advantage} exf5 25.Qxd5+ Kf8 26.Nd4 g6 27.e6 Kg7 28.Kd1 Kh6 29.g4! fxg4
30.Qg5+ Kg7 31.Nf5+ Kg8 32.exd7 Rf8 33.Nh6+ {#r} 1-0

[Event "BCC Championship"]
[Site "BCC"]
[Date "2016.05.12"]
[Round "6"]
[White "Jeremy Lim"]
[Black "Robert Bailey"]
[Result "0-1"]
[WhiteElo "1520"]
[BlackElo "1569"]

1.e4 e6 {I was expecting and hoping for an English as Jeremy had played this
against Rod, but was pleasantly surprised by e4. So I settled upon trying for
an unusual transposition which can reach a number of different openings
(Franco-Benoni, French, Sicilian) depending mainly on the white player's
taste.  (Annotations RB)} 2.d4 c5 3.Nf3 cxd4 4.Nxd4 Nc6 5.Nc3 a6 6.a3
{Slightly unusual; but neatly avoiding lines involving Bb4.} Nf6 7.Be3 Be7
8.Be2 Qc7 9.Qd2 b5 10.O-O Bb7 11.f4 {A quick check of several online databases
reveals that we are still deep in theory here. Jeremy builds up the classical
structure against the Sicilian with this thematic push.} d6 {Here I considered
trying an idea as seen in some of Nakamura's recent games: h5?! Eventually
decided to remain in territory I was more familiar with.} 12.Bf3 {I'm quite
fond of this move - I remember Karpov played it against Kasparov in one of
their classic world championship sicilian stoushes.} Rc8 13.Rad1 O-O 14.Rfe1
{Maybe f5 could be considered; although white's rooks do look logically
placed.} Rfd8 15.g4! {Strong attacking intentions shown here by Jeremy: the
cut and thrust nature of the middle-game here on end made it quite exciting to
play.} Nxd4 {Perhaps d5 is a better plan;seeking to open play up on the white
queen. Yes, Deep Shredder and Stockfish 7 give d5! here, with an advantage of
.5 to Black. (RJ)} 16.Bxd4 e5 {Stockfish 7 likes Nd7 here, with a view to a
subsequent Bf6. (RJ)} 17.Be3 Qc4? {I'm not happy with this move as its idea is
too primitive, i.e a possible assault on the e4 pawn. Whilst the plan isn't
bad in and of itself, it just isn't very ambitious and furthermore I
eventually place my lady on a near fatally bad square. Maybe Nd7, heading for
e5 is better. Yes, the engines like Nd7 (RJ)} 18.g5! {White pushes onward!
Black has to regroup} Nd7 {Stockfish 7 gives White only a small edge after ef.
(RJ)} 19.Qg2 {f5 looks strong and thematic as well, with black's kingside in
semi-lockdown.} exf4 {Aiming to install a knight outpost on e5; a plan which I
fixate upon too much at the peril of my queen!} 20.Be2 Qe6 21.Bg4 {Engines may
say otherwise, but I think this is a nice move by Jeremy which pushed my queen
to a bad square.  I also overlooked the unpleasantness of the pin to the rook,
negating my plan to go Ne5..} Qg6?? {This is a very bad positional mistake.
Black needed to ignore his knight's plea for the e5 square to be left vacant
and instead protect the f4 pawn with his queen. Bd4 can be soundly met by
Qxg5.Yes, Black is winning after Qe5. (RJ)} 22.Bxf4 {Here I spent some 20
unnerving minutes on a reply; realising that I was now clearly worse. I was
very worried about the h4 plan with the idea of turning my queen into a
claustrophobe!} Rc5 {Interestingly. the engines give as best here 22....Rxc3!
(RJ)} 23.Nd5 {h4! looks very tempting which we discussed after the game.
Black's best response appears to be h5, The engines agree. (RJ)} (23.h4 h5
24.Bf5 Qxf5 25.exf5 Bxg2 26.Kxg2 Ne5) 23...Bxd5 24.Bf5? {Arguably the losing
move which was unfortunate for Jeremy who had played logically and
forthrightly up to this point. Recapturing and exchanging a set of rooks seems
to give white an edge. In fact Stockfish 7 calls it dead even after 24. Rxd5
(RJ).} (24.Rxd5 Rxd5 25.exd5 Ne5) 24...Qxf5! {A clever zwischenzug by Rob.
(RJ)} 25.exf5 Bxg2 26.Rxe7 Rxc2 27.Rxd6 Bc6 28.Be5 Kf8 29.f6 gxf6 {Some
resolute defending was needed at the end of a roller-coaster sicilian
struggle! It was great to finally play Jeremy, whose logical style will
definitely cause players problems. I look forward to completing the trilogy of
matches against new players by playing Michael next week.} {#R} 0-1

[Event "BCC Championship"]
[Site "BCC"]
[Date "2016.05.17"]
[Round "4"]
[White "James Watson"]
[Black "Peter Lumsdon"]
[Result "1-0"]
[WhiteElo "1802"]
[BlackElo "1786"]

1.d4 Nf6 2.c4 e6 3.Nc3 Bb4 4.Qc2 O-O 5.a3 Bxc3+ 6.Qxc3 Ne4 7.Qc2 f5 8.g3 Nc6
9.Nf3 Qf6 10.e3 d5 11.b4 Ng5 12.Nxg5 Qxg5 13.b5 Ne7 14.cxd5 exd5 15.Qxc7 Ng6
16.Bg2 Rd8 17.Bxd5+ Kh8 18.Bf3 Rd7 19.Qc5 Re7 20.h4 Qf6 21.h5 Nf8 22.h6 Ne6
23.Qd6 Bd7 24.Bb2 Rae8 25.Rb1 Bxb5 26.Qb4 Bd3 27.d5 Qg6 28.Rc1 {#r} 1-0

[Event "BCC Championship"]
[Site "BCC"]
[Date "2016.05.19"]
[Round "7"]
[White "Patrick Cook"]
[Black "Peter Lumsdon"]
[Result "0-1"]
[WhiteElo "1669"]
[BlackElo "1786"]

1.d4 Nf6 2.c4 e6 3.Nc3 Bb4 4.Qc2 O-O 5.a3 Bxc3+ 6.Qxc3 Ne4 7.Qc2 f5 8.e3 b6
9.Nf3 Bb7 10.Be2 d6 11.O-O Nd7 12.b4 g5!? {A great shot, and brave. Diverting
from book. Chessbase, gives 9 alternatives, the most popular being Rf6, but
not this.  Deep Shredder  also does not prefer it, giving the refutation as
d5! But that move is very difficult to find over the board.(RJ)} 13.Bb2 g4
14.Nd2 Qg5 15.Nxe4 {Deep Shredder queries this, giving 15. d5!, with a .8 edge
for White. (RJ).} Bxe4 16.Qc3 Rf6 17.f3 Rh6! {(BvR) This move deserves a
question- rather than an exclamation-mark. The sacrifice is interesting but
faulty (see the analysis engine).} 18.fxe4? {White misses Black's brilliant
attack...(PC) No, it is the best move (BvR)} Rxh2!! {(BvR) deserves a question
mark, because of 19.d5! The consequences are difficult to calculate, but black
is lost at this point. (JW) As far as I can tell 19.d5 isn't a major concern.
for one after 19...e5 I think whites only move is 20.Bxg4! and even then black
has a perpetual with ...Qh4 21.Bh3 Rxh3. However I black can even play
19...Ne5 to continue playing for the win. I assume then you must have based
your analysis on the microbase engine, however that engine isn't too strong
and has a tendency to miscalculate complex lines quite severaly. (BvR) Yes,
you are right, James: 19.d5 is nonsense, and 18...Rxh2 is worth an exclamation
mark, as it gives black a draw after 19.Bxg4, Qh4; 20.Bh3, Rxh3; 21. gxh3 and
perpetual check.} 19.Qe1 {(BvR) ? gives it away.

(RJ) - Deep Shredder makes it even after 19. Bxg4  Qh4  20.Bh3  Rxh3  21.gh 
Qg3ch} g3 20.Rf3 {(BvR) and this is white's real mistake. 20. Rf4 would have
held the 'fort'.

Deep Shredder gives   20. Bg4!  Qxg4  21. Rf4 Qg5 22 ef  (RJ)} Rh1+!! 21.Kxh1
Qh4+ 22.Kg1 Qh2+ 23.Kf1 Qh1# {(BvR) Peter's daring attack paid off. Deservedly
(I think), although the combination was incorrect} 0-1

[Event "BCC Championship"]
[Site "BCC"]
[Date "2016.05.19"]
[Round "7"]
[White "Jamie Brotheridge"]
[Black "Jeremy Lim"]
[Result "1-0"]
[WhiteElo "1529"]
[BlackElo "1520"]

1.Nf3 d6 2.e3 Nf6 3.c4 g6 4.b3 Bg7 5.Bb2 O-O 6.d4 c6 7.Be2 d5 8.Nbd2 Bf5 9.Ne5
Nbd7 10.O-O {ne5 0.05} Qc7 11.Nxd7 Qxd7 12.Nf3 Rad8 13.Ne5 Qc7 14.c5 Nd7 15.f4
{nd7} Nf6 16.g4 Bc8 17.g5 {not a good move -0.96} Ne4 18.Bg4 {-1.27 black is
better} Bxe5 {good move by jeremy Lim -1.24 black is better} 19.fxe5 {this is
the loseing move -+1.92} Nxg5 20.Bc3 Ne4 21.Be1 Bxg4 22.Qxg4 Qd7 23.Qxd7 Rxd7
24.b4 h5 25.a4 a6 {waste off time if you dont know what to do and your
confused dont move a pawn} 26.Ra2 Kg7 27.Rb2 f6 28.e6 Rdd8 29.b5 axb5 30.axb5
Rb8 31.Bg3 Nxg3 32.hxg3 Rfc8 33.Rfb1 f5 34.Kg2 Kf6 35.bxc6 Rxc6 36.Rb6 Rbc8
37.Rxb7 Kxe6 38.Kf3 g5 39.R1b2 R8c7 {white is a bit better 0.32} 40.Rxc7 Rxc7
41.Rh2 Kf7 42.Rxh5 Kg6 43.Rh8 e6 44.Rb8 Kf7 45.Ke2 {rook a7 0.09} e5 {not
good} 46.Rb6 exd4 47.exd4 {000} Re7+ 48.Kd3 {f4 000} Re6 {bad move +0.102}
49.c6 Re7 {re8 0.1o re7 bad move +- 7.94} 50.Rb7 Ke6 51.c7 {good game jeremy
lim l was loseing hands down. Is this correct. Surely black resigned??RJ} {#r}
1-0

[Event "BCC Championship"]
[Site "BCC"]
[Date "2016.05.19"]
[Round "7"]
[White "Rodney Jacobs"]
[Black "James Watson"]
[Result "0-1"]
[WhiteElo "1659"]
[BlackElo "1802"]

1.e4 g6 2.d4 Bg7 3.c3 d6 4.f4 d5 5.e5 Nh6 6.Be2 b6 7.Nf3 Bg4 8.O-O Nf5 9.Qe1
a6 10.e6! Bxf3 {If 10.....f6  11. Ng5 (RJ)} 11.exf7+ Kxf7 12.Rxf3 e6 13.g4 Nd6
14.Bd3 {Deep Shredder prefers the immediate Rh3 (RJ)} Re8 15.Rh3 Kg8 {Deep
Shredder gives White .53 at this point.} 16.g5? {To allow Qh4 without the
Queen swap. But  overlooking the fact that the black Queen's knight can
comfortably come to the aid of h7. And Qh4 would not have worked anyway!. As
James picked up in post-games analysis, after 16.....Nf5, 17. Bxf5  ef  19.
Qh4 h5! Black has Re1ch. All White has done is to give up the f5 square and
render his Queen's bishop ineffective. Deep Shredder gives Be3. (RJ)} Nd7
17.Nd2 c5 18.Nf3 {Around about this point I was trying to get myself into a
position where Rxh7  Kxh7 Qh4ch  Kg8 Bxg6 might work. (RJ)} cxd4 19.cxd4 Qe7
{Deep Shredder doesn't really like this, preferring b5, presumably with the
idea of Nb6 - c4. (RJ)} 20.Bd2 Nf5 21.Bxf5 exf5 22.Ne5 {Deep shredder gives
White a minimal (.44) advantage here, (RJ)} Bxe5 {Deep Shredder gives White
.48 here. (RJ)} 23.fxe5? {An error, after which the edge passes to Black. As
James pointed out after the game, taking with the wrong pawn. I was keen to
keep the black knight out of c5, and to avoid the position being opened up in
the centre of the board while my king had little protection. But the weak
pawns at d4 and g5 will now give White headaches. (RJ)} Nf8! {Strangely, the
most effective attacking move in the game! And one which I overlooked. (RJ)}
24.Rg3? {As so often happens, following one error with another. The point is
that the rook is too vulnerable to the advancing f pawn, which becomes a
monster. Rd3 is necesary, after which Deep Shredder gives Black a .21
advantage. (RJ)} Ne6 25.Bb4 Qd8! {Keeping an eye on the weak g4 pawn, (RJ)}
26.Qd2 a5 27.Bd6 f4 28.Rg4 Nxg5 29.Qg2 {With hopes of sacrificing the rook at
g6 and a perpetual. (RJ)} f3 30.Qg3 {Now also running very short of time.
(RJ)} f2+! {This damn pawn just keeps coming! It's immune because of knight
forks at e4 and h3. (RJ)} 31.Kg2 Ne4 32.Rxg6+ Kh8! {Black obviously has better
than a draw now.} 33.Qh3 {With now only 4 minutes left on the clock, White is
losing his way. Qf4 holds out longer (RJ)} Rg8! {James plays this last phase
of the game ruthlessly. (RJ)} 34.Rg4 Qd7 35.e6 {2 minutes to go, losing the
plot. (RJ)} Qxd6 36.Kh1 Qxe6 37.Rxg8+ Qxg8 38.Qh5 Qe6 39.Rc1 Nd2 {A nice cool,
accurate game by James, pouncing immediately when I went astray. (RJ)} {#R}
0-1